| 000 | 00472cam a2200193ua 4500 | ||
|---|---|---|---|
| 001 | 7390 | ||
| 008 | 141209n ii |||gr||||Z||||||ben | ||
| 040 | _cMAIN | ||
| 041 | _aben | ||
| 082 | _a891.442 | ||
| 100 |
_aShikdar, T., _eEditor. |
||
| 245 | 1 |
_aBhadrarjun _c Edited by Tarasaran Shikdar |
|
| 250 | _a1st. | ||
| 260 |
_aKolkatta: _bEastern, _c1966. |
||
| 300 | _a102p. | ||
| 653 | _aEast Indo-European & Celtic literatures | ||
| 653 | _aBengali drama | ||
| 942 | _cBK | ||
| 999 |
_c6513 _d6513 |
||